El contrato individual de trabajo / (Registro nro. 11882)

Detalles MARC
000 -LEADER
fixed length control field 01029nam a2200241 a 4500
003 - CONTROL NUMBER IDENTIFIER
control field OSt
005 - DATE AND TIME OF LATEST TRANSACTION
control field 20210604111726.0
008 - FIXED-LENGTH DATA ELEMENTS--GENERAL INFORMATION
fixed length control field 840511s1983 ck b 001 0 spa
020 ## - INTERNATIONAL STANDARD BOOK NUMBER
International Standard Book Number 8482722670
040 ## - CATALOGING SOURCE
Original cataloging agency DLC
Transcribing agency CO-JMCR
041 0# - LANGUAGE CODE
Language code of text/sound track or separate title spa
082 04 - DEWEY DECIMAL CLASSIFICATION NUMBER
Classification number 344.86101891 /
Item number B389c
Edition number 23
100 1# - MAIN ENTRY--PERSONAL NAME
Personal name Becerra Toro, Rodrigo.
Relator term autor
9 (RLIN) 38128
245 13 - TITLE STATEMENT
Title El contrato individual de trabajo /
Statement of responsibility, etc. Rodrigo Becerra Toro
260 ## - PUBLICATION, DISTRIBUTION, ETC.
Place of publication, distribution, etc. Bogotá :
Name of publisher, distributor, etc. Editorial Temis Librería,
Date of publication, distribution, etc. 1983.
300 ## - PHYSICAL DESCRIPTION
Extent xvii, 190 páginas
Dimensions 20 cm.
504 ## - BIBLIOGRAPHY, ETC. NOTE
Bibliography, etc. note Bibliografía : páginas [179]-180.
505 0# - FORMATTED CONTENTS NOTE
Formatted contents note Noción. Formas de la actividad. Historia. Fuentes de trabajo. -- Evolución del derecho del trabajo. -- Noción filosófica de las relaciones de trabajo. -- Suspensión y revisión del contrato de trabajo. -- Modos de extinguirse el contrato individual de trabajo. -- La prescripción en materia laboral.
650 14 - SUBJECT ADDED ENTRY--TOPICAL TERM
Topical term or geographic name entry element Contrato laboral
9 (RLIN) 38129
650 24 - SUBJECT ADDED ENTRY--TOPICAL TERM
Topical term or geographic name entry element Contrato laboral
9 (RLIN) 38130
650 24 - SUBJECT ADDED ENTRY--TOPICAL TERM
Topical term or geographic name entry element Relaciones de trabajo.
9 (RLIN) 38131
942 ## - ADDED ENTRY ELEMENTS (KOHA)
Source of classification or shelving scheme Dewey Decimal Classification
Koha item type Books
Existencias
Withdrawn status Lost status Source of classification or shelving scheme Damaged status Not for loan Home library Current library Shelving location Date acquired Source of acquisition Full call number Barcode Date last seen Copy number Price effective from Koha item type
    Dewey Decimal Classification     Biblioteca Pública José María del Castillo y Rada Biblioteca Pública José María del Castillo y Rada General Stacks 04/15/2018 Donación 344.86101891 / B389c 430003085 05/16/2024 Ej.1 03/10/2021 Books